00258nam a2200085Ia 4500008004100000082001600041245005100057260004300108300002100151230907s9999||||xx |||||||||||||| ||und|| a621.319,POW 0aPower grid operation in a market environment : aWiley; IEEE Press,bNew Jersey :c2017 axix, 260 pages :